000 01054nam a2200253Ia 4500
003 IN-BaIIA
008 211028s9999 xx 000 0 eng d
020 _a1-58381-106-0
040 _cIIA Library
080 _a082.2:52
_bASP-266
111 _aWorkshop on Astronomical Site Evaluation in the Visible and Radio Range
_cMoracco
_d2000 Nov. 13-17
_928225
245 0 _aAstronomical site evaluation in the visible and radio range
_bproceedings of a workshop held in Marrakech, Moracco, 13-17 Nov 2000
_cedited by J. Vernin, Z. Benkhaldoun and C. Munoz-Tunon
260 _aSan Francisco
_bAstronomical Society of the Pacific
_c2002
300 _axxiv, 615p.
490 _aASP conference series; v. 266
650 _aAstroclimatic station
_928226
650 _aAstronomical site evaluation
_928227
650 _aAtmospheric turbulance
_928228
650 _aGSM
_928229
700 _aBenkhaldoun, Z., ed.
_928230
700 _aMunoz-Tunon, C., ed.
_920090
700 _aVernin, J., ed.
_928231
942 _cBK
999 _c15302
_d15302